Ces films ont un lieu dans leurs titres - Statistiques

Statistiques générales
  • Ce quiz a été pris 85 fois
  • Le résultat moyen est 6 sur 20
Statistiques - réponses
Réalisateur Année Film % Correct
Martin Scorsese 2013 Le Loup de {Wall} {Street}
86%
Seth Gordon 2017 Baywatch : Alerte à {Malibu}
85%
Nicolas Bedos 2021 OSS 117 : Alerte rouge en {Afrique} noire
79%
Charles Nemes 2001 La {Tour} {Montparnasse} infernale
68%
Alain Resnais 1980 Mon Oncle d'{Amérique}
31%
Philippe de Broca 1964 L'Homme de {Rio}
29%
Martin McDonagh 2008 Bons baisers de {Bruges}
25%
Clint Eastwood 2018 Le 15h17 pour {Paris}
25%
Les frères Lumière 1896 L'Arrivée d'un train à {La} {Ciotat}
24%
John Carpenter 1981 {New} {York} 1997
20%
Bertrand Tavernier 1974 L'Horloger de {Saint}-{Paul}
19%
John Carpenter 1988 Invasion {Los} {Angeles}
18%
Jean-Marie Straub 2020 La {France} contre les robots
18%
Woody Allen 2012 To {Rome} with Love
16%
Max Pécas 1986 Deux enfoirés à {Saint}-{Tropez}
15%
Tsui Hark 1998 Piège à {Hong} {Kong}
10%
Satoshi Kon 2004 {Tokyo} Godfathers
10%
Nuri Bilge Ceylan 2011 Il était une fois en {Anatolie}
8%
Jean-Luc Godard 1993 Je vous salue, {Sarajevo}
5%
Jacques Demy 1955 Le Sabotier du {Val} {de} {Loire}
4%
Aucun quiz correspondant
Distribution des résultats
% des personnes avec chaque résultat
Percentile par nombre de réponses
Votre historique - résultats
Vous n’avez pas pris ce quiz